[Event "GoAudit Open 2023"]
[Site "Copenhagen"]
[Date "2023.11.11"]
[Round "5.3"]
[White "Schmidt, Kristen"]
[Black "Vasli, Aref"]
[Result "0-1"]
[WhiteElo "2272"]
[BlackElo "2404"]
[PlyCount "58"]
[EventDate "2023.11.10"]
[EventType "swiss"]
[EventRounds "7"]
[EventCountry "DEN"]
[SourceTitle "Live v. Kasper Jerwiarz"]

1. e4 e5 2. Nf3 Nc6 3. Bb5 a6 4. Ba4 Nf6 5. O-O b5 6. Bb3 Bb7 7. Re1 Bc5 8. c3
d6 9. d4 Bb6 10. a4 h6 11. Na3 O-O 12. h3 exd4 13. cxd4 Re8 14. d5 Nb4 15. Nc2
Nxe4 16. Be3 Nxc2 17. Bxc2 Bxe3 18. Rxe3 Nf6 19. Rd3 Re4 20. Nd4 Re5 21. Bb3
Qe8 22. Rc1 Bxd5 23. Bxd5 Rxd5 24. Rxc7 Qe4 25. Rd2 bxa4 26. Nc6 Re8 27. Rxd5
Nxd5 28. Rd7 Nf4 29. Qg4 Ne2+ 0-1

[Event "GoAudit Open 2023"]
[Site "Copenhagen"]
[Date "2023.11.11"]
[Round "5.4"]
[White "Fries Nielsen, Jens Ove"]
[Black "Skonnord, Uno"]
[Result "1-0"]
[WhiteElo "2385"]
[BlackElo "2233"]
[PlyCount "71"]
[EventDate "2023.11.10"]
[EventType "swiss"]
[EventRounds "7"]
[EventCountry "DEN"]
[SourceTitle "Live v. Kasper Jerwiarz"]

1. e4 c5 2. Nf3 g6 3. Bc4 Bg7 4. d3 d6 5. O-O Nf6 6. h3 O-O 7. Bb3 Nc6 8. c3 b5
9. Re1 Bb7 10. d4 cxd4 11. cxd4 Nd7 12. Nc3 b4 13. Nd5 e6 14. Ne3 Na5 15. Bc2
Rc8 16. b3 Nf6 17. Ng4 Nxg4 18. hxg4 Qc7 19. Bd3 Qb6 20. Be3 d5 21. e5 Ba6 22.
Bxa6 Qxa6 23. Qd2 Rc3 24. Bh6 Rfc8 25. Qf4 Qb7 26. Bxg7 Kxg7 27. Qf6+ Kg8 28.
Qh4 Nc6 29. Ng5 Nxd4 30. Qxh7+ Kf8 31. Rad1 Nc2 32. Nxe6+ Ke8 33. Re2 Qa6 34.
Ng5 Kd8 35. Qxf7 R8c5 36. e6 1-0

[Event "GoAudit Open 2023"]
[Site "Copenhagen"]
[Date "2023.11.11"]
[Round "5.5"]
[White "Nielsen, Viktor Haarmark"]
[Black "Pedersen, Daniel Vesterbaek"]
[Result "1/2-1/2"]
[WhiteElo "2376"]
[BlackElo "2191"]
[PlyCount "69"]
[EventDate "2023.11.10"]
[EventType "swiss"]
[EventRounds "7"]
[EventCountry "DEN"]
[SourceTitle "Live v. Kasper Jerwiarz"]

1. d4 Nf6 2. c4 e6 3. Nf3 d5 4. g3 Be7 5. Bg2 O-O 6. Nc3 Nbd7 7. O-O c6 8. Qd3
a5 9. b3 Qb6 10. e4 dxe4 11. Nxe4 Nxe4 12. Qxe4 a4 13. Rb1 axb3 14. axb3 Ra2
15. Bf4 Nf6 16. Qe5 Bd7 17. h3 Rd8 18. Rfd1 Be8 19. Qc7 Qxc7 20. Bxc7 Rc8 21.
Bf4 Ne4 22. Bd2 Nxd2 23. Rxd2 Rca8 24. Rxa2 Rxa2 25. b4 Ra4 26. c5 f6 27. Nd2
Bg6 28. Rb2 Bd3 29. Bf1 Ra1 30. Kg2 Bxf1+ 31. Nxf1 f5 32. Nd2 Bf6 33. Nf3 Rc1
34. b5 Rxc5 35. bxc6 1/2-1/2

[Event "GoAudit Open 2023"]
[Site "Copenhagen"]
[Date "2023.11.11"]
[Round "5.6"]
[White "Kopylov, Michael"]
[Black "Ostergaard, Jens"]
[Result "1-0"]
[WhiteElo "2367"]
[BlackElo "2285"]
[PlyCount "57"]
[EventDate "2023.11.10"]
[EventType "swiss"]
[EventRounds "7"]
[EventCountry "DEN"]
[SourceTitle "Live v. Kasper Jerwiarz"]

1. d4 Nf6 2. c4 g6 3. g3 Bg7 4. Bg2 O-O 5. Nf3 d6 6. O-O Nbd7 7. Nc3 e5 8. e4
c6 9. h3 exd4 10. Nxd4 Re8 11. Be3 Nc5 12. Qc2 a5 13. Rad1 Qe7 14. Rfe1 Bd7 15.
Bf4 Nh5 16. Nxc6 Bxc6 17. Bxd6 Qg5 18. h4 Qg4 19. Bxc5 Bxc3 20. Qxc3 Bxe4 21.
f3 Qc8 22. Be3 Bc6 23. g4 Ng7 24. Bh6 Rxe1+ 25. Rxe1 Qf8 26. f4 f6 27. Bd5+ Kh8
28. Kh2 Qd6 29. Re6 1-0

[Event "GoAudit Open 2023"]
[Site "Copenhagen"]
[Date "2023.11.11"]
[Round "5.7"]
[White "Kopylov, Diana"]
[Black "Kopylov, Daniel"]
[Result "0-1"]
[WhiteElo "1397"]
[BlackElo "2342"]
[PlyCount "36"]
[EventDate "2023.11.10"]
[EventType "swiss"]
[EventRounds "7"]
[EventCountry "DEN"]
[SourceTitle "Live v. Kasper Jerwiarz"]

1. e4 c5 2. Nf3 e6 3. d4 cxd4 4. Nxd4 Nf6 5. Nc3 Nc6 6. Be3 Bb4 7. Bd3 d5 8. f3
Nxd4 9. Bxd4 dxe4 10. Bxe4 Nxe4 11. fxe4 Qh4+ 12. Kf1 O-O 13. Qe2 b6 14. Re1
Rd8 15. Be5 a5 16. Qb5 Ba6 17. Bg3 Qf6+ 18. Kg1 Bxb5 0-1

[Event "GoAudit Open 2023"]
[Site "Copenhagen"]
[Date "2023.11.11"]
[Round "5.8"]
[White "Laursen, Niels Norskov"]
[Black "Falkesgaard, Jeppe Hald"]
[Result "1-0"]
[WhiteElo "2166"]
[BlackElo "2181"]
[PlyCount "111"]
[EventDate "2023.11.10"]
[EventType "swiss"]
[EventRounds "7"]
[EventCountry "DEN"]
[SourceTitle "Live v. Kasper Jerwiarz"]

1. e4 c5 2. Nf3 Nc6 3. Bb5 Nf6 4. Nc3 g6 5. e5 Ng4 6. Bxc6 dxc6 7. h3 Nh6 8.
Qe2 Bg7 9. Ne4 O-O 10. Nxc5 b6 11. Ne4 c5 12. O-O Nf5 13. Re1 Qc7 14. d3 Bxe5
15. Nxc5 Qxc5 16. Qxe5 Qxe5 17. Rxe5 Bb7 18. g4 f6 19. Re1 Nd6 20. Nd2 e5 21.
Ne4 Nb5 22. c3 Rad8 23. Nxf6+ Kg7 24. g5 Rxd3 25. Be3 Bf3 26. a4 Nd6 27. a5 Nc4
28. axb6 axb6 29. b3 Nxe3 30. Rxe3 e4 31. Kh2 h6 32. Ra7+ Rf7 33. Rxf7+ Kxf7
34. h4 hxg5 35. hxg5 Ke6 36. Kg3 Bd1 37. Kf4 Rxe3 38. fxe3 Bxb3 39. Nxe4 Bd5
40. Nd2 Kd6 41. e4 Bf7 42. Nf3 Be8 43. Ne5 Kc5 44. Ke3 b5 45. Kd2 Kd6 46. Nd3
Bc6 47. Ke3 Be8 48. Kd4 Ke6 49. Nf4+ Kd6 50. Nd5 Bf7 51. Nf4 Be8 52. e5+ Kc6
53. Nd3 Bd7 54. Nb4+ Kc7 55. Kc5 Be8 56. e6 1-0

[Event "GoAudit Open 2023"]
[Site "Copenhagen"]
[Date "2023.11.11"]
[Round "5.9"]
[White "Fredericia, Louise Winther"]
[Black "Gregor, Bjarke"]
[Result "0-1"]
[WhiteElo "1990"]
[BlackElo "2163"]
[PlyCount "58"]
[EventDate "2023.11.10"]
[EventType "swiss"]
[EventRounds "7"]
[EventCountry "DEN"]
[SourceTitle "Live v. Kasper Jerwiarz"]

1. e4 c6 2. d4 d5 3. exd5 cxd5 4. Bd3 Nf6 5. Nf3 Bg4 6. Nbd2 Nc6 7. h3 Bh5 8.
c3 e6 9. O-O Bd6 10. Re1 O-O 11. Qc2 Rc8 12. a3 Re8 13. b4 a6 14. Bb2 Bb8 15.
Rad1 Qd6 16. Qb1 e5 17. Bf5 Rcd8 18. dxe5 Nxe5 19. Rxe5 Rxe5 20. c4 Re2 21. c5
Qc7 22. Qd3 Bxf3 23. Qxf3 Qh2+ 24. Kf1 Rde8 25. g4 Bg3 26. Bd4 Qxh3+ 27. Qg2
Re1+ 28. Rxe1 Rxe1+ 29. Kxe1 Qxg2 0-1

[Event "GoAudit Open 2023"]
[Site "Copenhagen"]
[Date "2023.11.11"]
[Round "5.10"]
[White "Steenstrup, Svend"]
[Black "Sorensen, Reto Utiger"]
[Result "0-1"]
[WhiteElo "1937"]
[BlackElo "2060"]
[PlyCount "82"]
[EventDate "2023.11.10"]
[EventType "swiss"]
[EventRounds "7"]
[EventCountry "DEN"]
[SourceTitle "Live v. Kasper Jerwiarz"]

1. d4 d5 2. c4 e6 3. Nf3 a6 4. g3 Nf6 5. Bg2 Nbd7 6. O-O Be7 7. Na3 O-O 8. b3
c6 9. Nc2 Re8 10. Nce1 Ne4 11. Nd3 a5 12. Qc2 a4 13. Bf4 Qa5 14. Nd2 Qc3 15.
Qxc3 Nxc3 16. Bf3 Bf6 17. Ne5 Bxe5 18. dxe5 f6 19. Rfc1 fxe5 20. Bg5 d4 21. e3
Nc5 22. e4 Bd7 23. Kf1 h6 24. Bh5 hxg5 25. Bxe8 Bxe8 26. f3 Bg6 27. g4 Nd3 28.
Rc2 Kf7 29. c5 Rh8 30. Nc4 Rh3 31. Rd2 Rxf3+ 32. Kg2 Bxe4 33. Nd6+ Kg6 34. Nxe4
Nxe4 35. Kxf3 Nxd2+ 36. Ke2 Nxc5 37. Kxd2 axb3 38. Ke2 b2 39. Rb1 Na4 40. Kd3
b5 41. h3 c5 0-1

[Event "GoAudit Open 2023"]
[Site "Copenhagen"]
[Date "2023.11.11"]
[Round "5.11"]
[White "Dalsberg, Sandra de Blecourt"]
[Black "Saravana, Vedant Kumar"]
[Result "1-0"]
[WhiteElo "2028"]
[BlackElo "1924"]
[PlyCount "139"]
[EventDate "2023.11.10"]
[EventType "swiss"]
[EventRounds "7"]
[EventCountry "DEN"]
[SourceTitle "Live v. Kasper Jerwiarz"]

1. d4 d5 2. c4 c6 3. cxd5 cxd5 4. Bf4 Nc6 5. e3 Nf6 6. Bd3 Bg4 7.
Ne2 e6 8. O-O Bxe2 9. Qxe2 Bd6 10. Bxd6 Qxd6 11. a3 O-O 12. Nd2 Rac8 13. Rac1
Ne7 14. Nb3 Rxc1 15. Rxc1 Rc8 16. Rxc8+ Nxc8 17. Qc2 Ne7 18. Qc5 Qxc5 19. dxc5
Nc6 20. Bb5 Nd7 21. Kf1 Kf8 22. Ke2 Nde5 23. f4 Nc4 24. Bxc4 dxc4 25. Nd4 Nb8
26. Kd2 Nd7 27. c6 bxc6 28. Nxc6 a6 29. Kc3 Nb6 30. Nb4 Na4+ 31. Kc2 Nc5 32.
Kc3 Na4+ 33. Kxc4 Nxb2+ 34. Kc3 Nd1+ 35. Kd2 Nb2 36. Kc3 Nd1+ 37. Kd4 a5 38.
Nc6 a4 39. Ne5 Ke7 40. Nc4 Kd8 41. Kc5 Kc7 42. Kb4 Kc6 43. Kxa4 Kc5 44. Kb3 Nf2
45. a4 Ne4 46. Ne5 Nd2+ 47. Kc2 Nc4 48. Nxc4 Kxc4 49. g4 Kb4 50. Kd3 Kxa4 51.
Kc4 Ka3 52. f5 Kb2 53. fxe6 fxe6 54. e4 Kc2 55. e5 Kd2 56. Kc5 Ke3 57. Kd6 Kf4
58. Kxe6 Kxg4 59. Kf7 g5 60. e6 Kh3 61. e7 Kxh2 62. e8=Q g4 63. Qe2+ Kh3 64.
Qd3+ g3 65. Qxh7+ Kg2 66. Ke6 Kg1 67. Ke5 g2 68. Kf4 Kf2 69. Qc2+ Kf1 70. Qd1+
1-0

[Event "GoAudit Open 2023"]
[Site "Copenhagen"]
[Date "2023.11.11"]
[Round "5.12"]
[White "Wehding, Anton Bonsvig"]
[Black "Guindy, Esmat Susanne"]
[Result "1/2-1/2"]
[WhiteElo "1923"]
[BlackElo "2014"]
[PlyCount "93"]
[EventDate "2023.11.10"]
[EventType "swiss"]
[EventRounds "7"]
[EventCountry "DEN"]
[SourceTitle "Live v. Kasper Jerwiarz"]

1. c4 e6 2. g3 d5 3. Bg2 Nf6 4. Nf3 Be7
5. O-O O-O 6. b3 c5 7. cxd5 Nxd5 8. Bb2 Nc6 9. Nc3 Nc7 10. Rc1 Rb8 11. Ne4 b6
12. d4 f5 13. Ned2 Bb7 14. Nc4 Bf6 15. Nfe5 Nxd4 16. e3 Bxg2 17. Kxg2 Qd5+ 18.
f3 b5 19. exd4 bxc4 20. Rxc4 cxd4 21. Qxd4 Nb5 22. Qe3 Rfd8 23. Rf2 Rb6 24.
Rfc2 Na3 25. Bxa3 Bxe5 26. Rc5 Qd1 27. Qxe5 Rd2+ 28. Rxd2 Qxd2+ 29. Kg1 Qd1+
30. Kf2 Qd2+ 31. Qe2 Qd4+ 32. Qe3 Qa1 33. Qd2 Qh1 34. Ke3 Qg1+ 35. Kf4 h6 36.
Rc1 e5+ 37. Kxf5 Rf6+ 38. Kg4 Qb6 39. Kh3 Qb7 40. Rd1 Ra6 41. Qd8+ Kh7 42. Qd3+
Kg8 43. Bc1 Rxa2 44. Qd8+ Kh7 45. Qd3+ Kg8 46. Qd8+ Kh7 47. Qd3+ 1/2-1/2

[Event "GoAudit Open 2023"]
[Site "Copenhagen"]
[Date "2023.11.12"]
[Round "6.1"]
[White "Hector, Jonny"]
[Black "Fries Nielsen, Jens Ove"]
[Result "0-1"]
[WhiteElo "2437"]
[BlackElo "2385"]
[PlyCount "94"]
[EventDate "2023.11.10"]
[EventType "swiss"]
[EventRounds "7"]
[EventCountry "DEN"]
[SourceTitle "Live v. Kasper Jerwiarz"]

1. e4 d6 2. d4 a6 3. f4 d5 4. e5 Bf5 5. Bd3 Bxd3 6. Qxd3 e6 7. Be3 Nc6 8. Nd2
Nh6 9. Ngf3 Nf5 10. Bf2 h5 11. O-O Be7 12. Rfd1 g5 13. fxg5 Bxg5 14. Nxg5 Qxg5
15. Nf3 Qg7 16. Bh4 Rg8 17. Qe2 Qg4 18. Qf2 Ne3 19. Rd2 Nc4 20. Re2 Nxb2 21.
Rb1 Na4 22. Rb3 b5 23. Bf6 b4 24. Rd3 Nc3 25. Re1 Qf4 26. Bg5 Qf5 27. h4 Nxa2
28. Qd2 Nc3 29. Rxc3 bxc3 30. Qxc3 Kd7 31. Nd2 Qg4 32. Nb3 Rab8 33. Nc5+ Kc8
34. Ne4 Rxg5 35. hxg5 Rb6 36. Nf2 Qxd4 37. Qf3 Nd8 38. Qxh5 a5 39. g6 fxg6 40.
Qxg6 a4 41. Qd3 Nc6 42. Qh3 Nxe5 43. c3 Qf4 44. Qh8+ Kb7 45. Nh3 Nf3+ 46. Kf1
Qg3 47. gxf3 Rb2 0-1

[Event "GoAudit Open 2023"]
[Site "Copenhagen"]
[Date "2023.11.12"]
[Round "6.2"]
[White "Vasli, Aref"]
[Black "Haubro, Martin"]
[Result "1/2-1/2"]
[WhiteElo "2404"]
[BlackElo "2411"]
[PlyCount "137"]
[EventDate "2023.11.10"]
[EventType "swiss"]
[EventRounds "7"]
[EventCountry "DEN"]
[SourceTitle "Live v. Kasper Jerwiarz"]

1. e4 c5 2. Nf3 d6 3. Bb5+ Nd7 4. Ba4 Ngf6 5. O-O e6 6. Re1 Be7 7. c3 a6 8. d4
b5 9. Bc2 Bb7 10. Nbd2 Qc7 11. Nf1 O-O 12. a4 e5 13. d5 c4 14. Ng3 Rfe8 15. Nf5
Bf8 16. Bg5 h6 17. Bd2 Kh7 18. g4 g6 19. Nxh6 Bxh6 20. g5 Bg7 21. gxf6 Bxf6 22.
h4 Kg7 23. axb5 axb5 24. Rxa8 Rxa8 25. h5 Rh8 26. hxg6 fxg6 27. Kg2 Nc5 28. Nh2
Qe7 29. Rg1 Bg5 30. Nf3 Bxd2 31. Qxd2 Bc8 32. Qg5 Qxg5+ 33. Nxg5 Rh4 34. Kf3
Kf6 35. Ke3 Rg4 36. Rxg4 Bxg4 37. Nh7+ Kg7 38. Ng5 Nb7 39. b3 cxb3 40. Bxb3 Na5
41. Ba2 Kf6 42. Nh7+ Ke7 43. f3 Bd7 44. f4 exf4+ 45. Kxf4 Nb7 46. Bb1 Nc5 47.
Ke3 Bh3 48. Bc2 Bf1 49. Ng5 Kf6 50. Nh7+ Kg7 51. Ng5 Kf6 52. Nh7+ Ke7 53. Ng5
Bc4 54. Nf3 Kf6 55. Nd2 g5 56. Bd1 Ba2 57. Be2 Nb3 58. Nf1 Ke5 59. Nh2 Kf6 60.
Ng4+ Ke7 61. Bxb5 Bb1 62. Nh6 Kf6 63. Ng4+ Ke7 64. Be2 Nc5 65. Bf3 Kf7 66. Bg2
Ke7 67. Bf3 Kf7 68. Nf2 Kf6 69. Ng4+ 1/2-1/2

[Event "GoAudit Open 2023"]
[Site "Copenhagen"]
[Date "2023.11.12"]
[Round "6.3"]
[White "Nielsen, Viktor Haarmark"]
[Black "Andries, Alf"]
[Result "1-0"]
[WhiteElo "2376"]
[BlackElo "2031"]
[PlyCount "67"]
[EventDate "2023.11.10"]
[EventType "swiss"]
[EventRounds "7"]
[EventCountry "DEN"]
[SourceTitle "Live v. Kasper Jerwiarz"]

1. d4 Nf6 2. c4 e6 3. Nf3 Bb4+ 4. Bd2 Qe7 5. g3 Bxd2+ 6. Qxd2 Nc6 7. Nc3 d5 8.
Ne5 dxc4 9. Bg2 Nxe5 10. dxe5 Nd7 11. Qd4 Nb6 12. O-O O-O 13. Rfd1 Rb8 14. Ne4
Nd7 15. Qxa7 Qb4 16. Qd4 Qb6 17. Qxb6 cxb6 18. f4 Nc5 19. Nd6 b5 20. Nxb5 Bd7
21. Nd6 b5 22. Rac1 Na6 23. b3 Nb4 24. Rd2 cxb3 25. axb3 Rb6 26. Rc7 Bc6 27.
Nc8 Bxg2 28. Nxb6 Nd5 29. Nxd5 Bxd5 30. b4 Bc4 31. Kf2 h5 32. e4 Ra8 33. Rdd7
Ra2+ 34. Ke3 1-0

[Event "GoAudit Open 2023"]
[Site "Copenhagen"]
[Date "2023.11.12"]
[Round "6.4"]
[White "Kopylov, Daniel"]
[Black "Kopylov, Michael"]
[Result "1/2-1/2"]
[WhiteElo "2342"]
[BlackElo "2367"]
[PlyCount "24"]
[EventDate "2023.11.10"]
[EventType "swiss"]
[EventRounds "7"]
[EventCountry "DEN"]
[SourceTitle "Live v. Kasper Jerwiarz"]

1. Nf3 Nf6 2. g3 d5 3. Bg2 g6 4. c4 Bg7 5. cxd5 Nxd5 6. d4 c5 7. O-O cxd4 8.
Nxd4 O-O 9. Nb5 Be6 10. Nd4 Bc8 11. Nb5 Be6 12. Nd4 Bc8 1/2-1/2

[Event "GoAudit Open 2023"]
[Site "Copenhagen"]
[Date "2023.11.12"]
[Round "6.5"]
[White "Pedersen, Daniel Vesterbaek"]
[Black "Schmidt, Kristen"]
[Result "0-1"]
[WhiteElo "2191"]
[BlackElo "2272"]
[PlyCount "68"]
[EventDate "2023.11.10"]
[EventType "swiss"]
[EventRounds "7"]
[EventCountry "DEN"]
[SourceTitle "Live v. Kasper Jerwiarz"]

1. e4 c5 2. Nf3 Nc6 3. d4 cxd4 4. Nxd4 e5 5. Nb5 d6 6. N1c3 a6 7. Na3 b5 8. Nd5
Nf6 9. Bg5 Be7 10. Bxf6 Bxf6 11. c3 O-O 12. Nc2 Bg5 13. a4 bxa4 14. Rxa4 a5 15.
Bc4 Rb8 16. b3 Kh8 17. h4 Bh6 18. g4 Bf4 19. Nce3 Be6 20. Qe2 Bxe3 21. Nxe3 Ne7
22. Nd5 Bxd5 23. exd5 Ng6 24. g5 Nf4 25. Qg4 f6 26. Rh2 Qc7 27. Kd2 g6 28. Kc2
Rf7 29. Ra1 Rbf8 30. Rd1 a4 31. Kb2 Rb8 32. Kc2 Qc5 33. Qf3 Qa3 34. Rb1 Rc7 0-1

[Event "GoAudit Open 2023"]
[Site "Copenhagen"]
[Date "2023.11.12"]
[Round "6.6"]
[White "Hoi, Carsten"]
[Black "Dalsberg, Sandra de Blecourt"]
[Result "1/2-1/2"]
[WhiteElo "2307"]
[BlackElo "2028"]
[PlyCount "92"]
[EventDate "2023.11.10"]
[EventType "swiss"]
[EventRounds "7"]
[EventCountry "DEN"]
[SourceTitle "Live v. Kasper Jerwiarz"]

1. d4 d5 2. Nf3 Nf6 3. c4 c6 4. e3 a6 5. a4 Bf5 6. Nc3 e6 7. Bd3 Bxd3 8. Qxd3
Bb4 9. O-O Nbd7 10. Bd2 Be7 11. Rfd1 O-O 12. h3 Re8 13. e4 dxe4 14. Nxe4 Nxe4
15. Qxe4 Bf6 16. Bc3 Qc7 17. h4 c5 18. Ng5 Nf8 19. Rac1 Rad8 20. Nf3 Nd7 21. b4
cxd4 22. Nxd4 Qxc4 23. Qxb7 Nf8 24. Ba1 Qa2 25. Qxa6 Ra8 26. Qf1 Qxa4 27. Bc3
Rec8 28. Ra1 Qe8 29. Rxa8 Rxa8 30. Nb5 Bxc3 31. Nxc3 Qc8 32. Ne4 Rb8 33. b5 Nd7
34. Qd3 Nb6 35. Ng5 g6 36. Qf3 Qc7 37. Ne4 Nd5 38. Nf6+ Nxf6 39. Qxf6 h5 40.
Rb1 Qc2 41. Qa1 Qc4 42. b6 Qxh4 43. Qa7 Qd8 44. b7 Qc7 45. g3 Kh7 46. Kg2 Kg7
1/2-1/2

[Event "GoAudit Open 2023"]
[Site "Copenhagen"]
[Date "2023.11.12"]
[Round "6.7"]
[White "Skonnord, Uno"]
[Black "Moller, Silas Ingemann"]
[Result "1-0"]
[WhiteElo "2233"]
[BlackElo "1788"]
[PlyCount "73"]
[EventDate "2023.11.10"]
[EventType "swiss"]
[EventRounds "7"]
[EventCountry "DEN"]
[SourceTitle "Live v. Kasper Jerwiarz"]

1. e4 c6 2. d4 d5 3. Nc3 dxe4 4. Nxe4 Nf6 5. Nxf6+ exf6 6. c3 Bd6 7. Bd3 O-O 8.
Ne2 Re8 9. O-O Nd7 10. Bf4 Nf8 11. Qd2 Ng6 12. Bxd6 Qxd6 13. Ng3 Nf4 14. Ne4
Qc7 15. Rfe1 Be6 16. c4 Nxd3 17. Qxd3 b5 18. c5 Bc4 19. Qd2 a5 20. b3 Bd5 21.
Nd6 Re6 22. Re3 a4 23. b4 a3 24. Rg3 Be4 25. Re1 Qe7 26. Ree3 Bg6 27. h3 h5 28.
d5 Rxe3 29. Rxe3 Qc7 30. f4 Bb1 31. f5 cxd5 32. Qxd5 Rd8 33. Rxa3 Qe7 34. Kf2
Kh7 35. Qd1 Be4 36. Qxh5+ Kg8 37. Re3 1-0

[Event "GoAudit Open 2023"]
[Site "Copenhagen"]
[Date "2023.11.12"]
[Round "6.8"]
[White "Gregor, Bjarke"]
[Black "Laursen, Niels Norskov"]
[Result "1/2-1/2"]
[WhiteElo "2163"]
[BlackElo "2166"]
[PlyCount "61"]
[EventDate "2023.11.10"]
[EventType "swiss"]
[EventRounds "7"]
[EventCountry "DEN"]
[SourceTitle "Live v. Kasper Jerwiarz"]

1. e4 c5 2. Nf3 e6 3. d4 cxd4 4. Nxd4 a6 5. Bd3 Bc5 6. Nb3 Ba7 7. Qe2 d6 8. c4
Nf6 9. Nc3 Nc6 10. Bg5 Nd4 11. Nxd4 Bxd4 12. O-O Qa5 13. Bd2 Qc7 14. Rac1 O-O
15. Bb1 h6 16. Qd3 Qb6 17. Na4 Qa7 18. c5 e5 19. b4 Bd7 20. Nb6 Bb5 21. Qg3
Rad8 22. Bxh6 Nh5 23. Qg5 dxc5 24. Nd5 Rd6 25. Ne7+ Kh7 26. Bxg7 Nxg7 27. Nf5
Nxf5 28. exf5 f6 29. Qg6+ Kh8 30. Qh6+ Kg8 31. Qg6+ 1/2-1/2

[Event "GoAudit Open 2023"]
[Site "Copenhagen"]
[Date "2023.11.12"]
[Round "6.10"]
[White "Ostergaard, Jens"]
[Black "Wehding, Anton Bonsvig"]
[Result "1/2-1/2"]
[WhiteElo "2285"]
[BlackElo "1923"]
[PlyCount "79"]
[EventDate "2023.11.10"]
[EventType "swiss"]
[EventRounds "7"]
[EventCountry "DEN"]
[SourceTitle "Live v. Kasper Jerwiarz"]

1. Nf3 Nf6 2. d4 e6 3. c4 d5 4. g3 Be7 5. Bg2 O-O 6. O-O b6 7. Qc2 c5 8. Rd1
Bb7 9. Nc3 Nbd7 10. cxd5 exd5 11. Bf4 Nh5 12. dxc5 Nxf4 13. gxf4 Nxc5 14. Nxd5
Bxd5 15. Rxd5 Qxd5 16. Ng5 Ne4 17. Bxe4 Qa5 18. Bxa8 Bxg5 19. fxg5 Rxa8 20. f4
Qd5 21. e4 Qd4+ 22. Kg2 Qe3 23. Rf1 Rd8 24. Rf2 h6 25. Qe2 Qxe2 26. Rxe2 hxg5
27. fxg5 Rd3 28. Rc2 a5 29. Kf1 Rd4 30. Rc6 b5 31. Rb6 Rb4 32. b3 a4 33. bxa4
Rxa4 34. Rxb5 Rxa2 35. Kg1 Re2 36. Re5 f6 37. gxf6 gxf6 38. Rf5 Rxe4 39. Rxf6
Re2 40. Rf2 1/2-1/2

[Event "GoAudit Open 2023"]
[Site "Copenhagen"]
[Date "2023.11.12"]
[Round "6.11"]
[White "Falkesgaard, Jeppe Hald"]
[Black "Kopylov, Diana"]
[Result "1-0"]
[WhiteElo "2181"]
[BlackElo "1397"]
[PlyCount "111"]
[EventDate "2023.11.10"]
[EventType "swiss"]
[EventRounds "7"]
[EventCountry "DEN"]
[SourceTitle "Live v. Kasper Jerwiarz"]

1. d4 Nf6 2. c4 g6 3. Nc3 d5 4. cxd5 Nxd5 5. e4 Nxc3 6. bxc3 Bg7 7. Qa4+ Nd7 8.
Nf3 O-O 9. Be2 c5 10. O-O cxd4 11. cxd4 Nb6 12. Qa3 Bg4 13. Be3 Bxf3 14. gxf3
Qd7 15. Rfd1 Rfc8 16. Rab1 Nc4 17. Bxc4 Rxc4 18. Qb3 Rc7 19. Bf4 Rac8 20. Bxc7
Rxc7 21. Kg2 b6 22. a4 Bxd4 23. e5 Rc5 24. Qd3 Rxe5 25. f4 Rd5 26. Qf3 Rd6 27.
Rb5 Kg7 28. h4 Qc7 29. h5 Qc4 30. Rg5 Qxa4 31. f5 Qc2 32. Rg4 Bxf2 33. fxg6
fxg6 34. h6+ Kg8 35. Qa8+ Kf7 36. Rf4+ Rf6 37. Qd5+ Kf8 38. Rd2 Qc7 39. Rxf6+
exf6 40. Rxf2 f5 41. Qe6 Qe7 42. Qxe7+ Kxe7 43. Ra2 a5 44. Rb2 Kf6 45. Rxb6+
Kg5 46. Ra6 Kxh6 47. Rxa5 Kg5 48. Kg3 h6 49. Ra6 h5 50. Kh3 Kf4 51. Rxg6 Ke3
52. Rg5 f4 53. Rxh5 f3 54. Kg3 f2 55. Re5+ Kd4 56. Rf5 1-0

[Event "GoAudit Open 2023"]
[Site "Copenhagen"]
[Date "2023.11.12"]
[Round "6.12"]
[White "Guindy, Esmat Susanne"]
[Black "Petersen, Peter Birk"]
[Result "1/2-1/2"]
[WhiteElo "2014"]
[BlackElo "2146"]
[PlyCount "44"]
[EventDate "2023.11.10"]
[EventType "swiss"]
[EventRounds "7"]
[EventCountry "DEN"]
[SourceTitle "Live v. Kasper Jerwiarz"]

1. Nf3 Nf6 2. c4 e6 3. g3 b6 4. Bg2 Bb7 5. O-O Be7 6. Nc3 O-O 7. d4 Ne4 8. Bd2
d6 9. d5 Nxc3 10. Bxc3 e5 11. e4 a5 12. a4 Na6 13. Ne1 Bc8 14. Nd3 Bf6 15. Qd2
Bd7 16. b3 Qe7 17. Rae1 Rae8 18. Qb2 g6 19. f4 Bg7 20. f5 f6 21. h4 gxf5 22.
exf5 Bh6 1/2-1/2

[Event "GoAudit Open 2023"]
[Site "Copenhagen"]
[Date "2023.11.12"]
[Round "7.1"]
[White "Haubro, Martin"]
[Black "Hector, Jonny"]
[Result "0-1"]
[WhiteElo "2411"]
[BlackElo "2437"]
[PlyCount "134"]
[EventDate "2023.11.10"]
[EventType "swiss"]
[EventRounds "7"]
[EventCountry "DEN"]
[SourceTitle "Live v. Kasper Jerwiarz"]

1. e4 e5 2. Nf3 Nc6 3. Bb5 f5 4. d3 fxe4 5. dxe4 Nf6 6. Qd3 Bb4+ 7. c3 Bc5 8.
b4 Bb6 9. Bc4 Qe7 10. Nbd2 a5 11. b5 Nd8 12. Nf1 Ne6 13. Be3 Ng4 14. Bxe6 Qxe6
15. N3d2 O-O 16. f3 Nxe3 17. Nxe3 c6 18. a4 Qg6 19. Ndc4 Bxe3 20. Nxe3 d5 21.
O-O Be6 22. bxc6 bxc6 23. Rab1 Rad8 24. Rb6 dxe4 25. Qxe4 Qxe4 26. fxe4 Rd3 27.
Rxc6 Rxe3 28. Rxe6 Rxf1+ 29. Kxf1 Rxe4 30. Ra6 Rxa4 31. c4 Kf7 32. c5 g6 33. h3
Ra2 34. Kg1 h5 35. h4 a4 36. c6 Rc2 37. Rxa4 Rxc6 38. Ra3 Ke6 39. Kf2 Rc4 40.
g3 Kf5 41. Kf3 Rc6 42. Ra5 Rd6 43. Ra4 Rd4 44. Ra6 Rd3+ 45. Kf2 e4 46. Ra5+ Kg4
47. Rg5+ Kh3 48. Rxg6 Rf3+ 49. Ke2 Rxg3 50. Re6 Rg4 51. Re5 Kxh4 52. Ke3 Rg5
53. Rxe4+ Kg3 54. Ke2 Kg2 55. Ke3 Rg3+ 56. Ke2 Rg4 57. Re5 h4 58. Rf5 Re4+ 59.
Kd3 Re8 60. Rg5+ Kf3 61. Rh5 Re3+ 62. Kd2 Re4 63. Kd3 Rf4 64. Rh8 Kf2 65. Rh7
Rf3+ 66. Kd2 h3 67. Re7 h2 0-1

[Event "GoAudit Open 2023"]
[Site "Copenhagen"]
[Date "2023.11.12"]
[Round "7.2"]
[White "Fries Nielsen, Jens Ove"]
[Black "Nielsen, Viktor Haarmark"]
[Result "1/2-1/2"]
[WhiteElo "2385"]
[BlackElo "2376"]
[PlyCount "86"]
[EventDate "2023.11.10"]
[EventType "swiss"]
[EventRounds "7"]
[EventCountry "DEN"]
[SourceTitle "Live v. Kasper Jerwiarz"]

1. e4 e5 2. Nf3 Nc6 3. d3 f5 4. Nbd2 Nf6 5. c3 d6 6. g3 Be7 7. Qb3 fxe4 8. dxe4
Nd7 9. Bg2 Nc5 10. Qc2 a5 11. Nc4 O-O 12. Ne3 Be6 13. h4 h6 14. h5 b5 15. Nh4
Bxh4 16. Rxh4 b4 17. Nd5 Ne7 18. Be3 Nxd5 19. exd5 Bf5 20. Qd2 bxc3 21. Qxc3
Nd3+ 22. Kf1 Rb8 23. b3 Rb4 24. Rc4 Rxc4 25. bxc4 e4 26. Kg1 Qe8 27. Bd4 Qe7
28. Qxa5 Bg4 29. Rb1 Kh7 30. Rb7 Rf7 31. Rxc7 Qxc7 32. Bxe4+ Kg8 33. Qxc7 Rxc7
34. Bxd3 Rb7 35. c5 dxc5 36. Bxc5 Rc7 37. Be3 Bd7 38. Kg2 Rc3 39. Be4 Ra3 40.
d6 Be6 41. Bc6 Rd3 42. Bf4 Bxa2 43. Be4 Bd5 1/2-1/2

[Event "GoAudit Open 2023"]
[Site "Copenhagen"]
[Date "2023.11.12"]
[Round "7.3"]
[White "Kopylov, Michael"]
[Black "Vasli, Aref"]
[Result "0-1"]
[WhiteElo "2367"]
[BlackElo "2404"]
[PlyCount "66"]
[EventDate "2023.11.10"]
[EventType "swiss"]
[EventRounds "7"]
[EventCountry "DEN"]
[SourceTitle "Live v. Kasper Jerwiarz"]

1. d4 Nf6 2. c4 e6 3. g3 c5 4. Nf3 d5 5. Bg2 Nc6 6. O-O Be7 7. cxd5 exd5 8.
dxc5 Bxc5 9. Nc3 h6 10. a3 a5 11. Bf4 O-O 12. Rc1 Be6 13. Ne5 Nxe5 14. Bxe5 Rc8
15. Na4 Ng4 16. Rxc5 Nxe5 17. Rxc8 Qxc8 18. Nb6 Qc5 19. Nxd5 Nc4 20. b4 axb4
21. axb4 Qd6 22. Qd4 Rc8 23. Rd1 b5 24. Qa7 Kh8 25. h4 Bxd5 26. Bxd5 f5 27. Qf7
Rf8 28. Qe6 Qxb4 29. Rc1 Qd2 30. Ra1 Qd4 31. Ra6 f4 32. Ra8 Rxa8 33. Bxa8 Qa1+
0-1